| 000 | 01267nam a2200301Ia 4500 | ||
|---|---|---|---|
| 005 | 20211110133317.0 | ||
| 008 | 130924s2002 xxu frn 1 eng | ||
| 020 | _a0520214080 | ||
| 040 |
_aCo-BoUCM _bspa _cAngélica Rojas (modificó) _dAldemar Mondragón (modificó) |
||
| 041 | 0 | 0 | _aeng |
| 100 | 1 |
_aForst, Rainer _d1964- _933215 |
|
| 240 | 1 | 0 |
_aKontexte der Gerechtigkeit. _lEnglish |
| 245 | 1 | 0 |
_aContexts of justice political philosophy beyond liberalism and communitarianism _cRainer Forst ; traducción por John M.M. Farrell |
| 260 |
_aBerkeley (California, Estados Unidos) _bUniversity of California Press _c2002 |
||
| 300 | _axii, 346 páginas | ||
| 490 | 0 | _aPhilosophy, Social Theory, and the Rule of Law | |
| 504 | _aIncluye referencias bibliográficas e índices | ||
| 650 | 7 |
_aDemocracia _912617 |
|
| 650 | 7 |
_aÉtica política _915256 |
|
| 650 | 7 |
_aFilosofía política _915841 |
|
| 650 | 7 |
_aFilosofía _975 |
|
| 650 | 7 |
_aJusticia (Filosofía) _918196 |
|
| 690 |
_aFilosofía _975 |
||
| 700 | 1 |
_aFarrell, John M.M. _945978 _etraductor |
|
| 856 | 4 | 1 |
_zConsulte las tablas de contenido haciendo clic aquí _uhttp://www.loc.gov/catdir/toc/ucal041/2001002084.html |
| 942 |
_cLIBRO _a2 _e1 _mF733c _2DEWEY _h172.2 |
||
| 999 |
_c38975 _d38975 |
||